000
00232nam a2200097Ia 4500
008
240331s9999 xx 000 0 und d
082
_a
297
_b
ISL
100
_a
Ahmed,A.S. ed
245
0
_a
Islam ,globalization and postmodernity
942
_c
L
999
_c
940
_d
940